00524nam a2200193 a 4500001001300000003000900013005001700022008004100039020002600080082001300106100002100119245006900140260003300209300000900242500003500251505001000286650001300296700002100309nice12345678IN_TiNIC20260116013126.0050524s1985 u sa grp 000 0 eng  a0800683 c796.2500a230bHOD aHodgson, Peter C aChristian Theologyb an Introdcution to Its Traditions and Tasks aU S abFortress Press c1985 a400p aincludes index and biblioraphy2 aIndex aTheology1 aHodgson, Peter C